=LDR 00000nam 2200000 4500 =001 INLIS000000000040832 =005 20130612150405 =008 ***********************************ind** =035 ##$$0010-061300000040832 =041 ##$$a ind =082 ##$$a 813 =090 ##$$a 813, Dea d =100 ##$$a Deaver, Jeffery =245 ##$$a Dunia maya/ Jeffery Deaver; alih bahasa, Andang H. Sutopo =260 ##$$a 2004 $b Jakarta =300 ##$$a 640 hlm., 18 cm =650 ##$$a Fiksi =700 ##$$a Sutopo, Andang, Haji =850 ##$$a NBPNMAT